Cien poemas de amor (Registro nro. 3228)

Detalles MARC
000 -Cabecera
Campo de control de longitud fija 00627aam a2200253 4500
005 - Fecha y hora de la última transacción
Campo de control 20250812165034.0
008 - Elementos de longitud fija--Información general
Campo de control de longitud fija 150428b xxu||||| |||| 00| 0 spa d
020 ## - International Standard Book Number
Número Internacional Estándar del Libro (ISBN) 9977648700
041 ## - Idioma
Código de idioma Español
082 ## - Clasificación Decimal Dewey
Número de clasificación CR 861.44 A996c
100 ## - Entrada principal--Autor personal
Nombre personal Azofeifa, Isaac Felipe
245 ## - Título propiamente dicho
Título Cien poemas de amor
260 ## - Pie de imprenta
Fecha de publicación, distribución, etc. Costa Rica
260 ## - Pie de imprenta
Lugar de publicación, distribución, etc. EUNED
260 ## - Pie de imprenta
Nombre del editor, distribuidor, etc. 2011
300 ## - Descripción física
Extensión 216 páginas
300 ## - Descripción física
Otras características físicas Ilustaciones a color
490 ## - Serie
Título de la Serie TEMÁTICA GENERAL
650 ## - Materia general
Temática (materia general) TEMÁTICA GENERAL
650 ## - Materia general
Temática (materia general) POESÍA COSTARRICENSE
650 ## - Materia general
Temática (materia general) LITERATURA COSTARRICENSE
650 ## - Materia general
Temática (materia general) COSTA RICA
942 ## - Punto de acceso adicional KOHA
Tipo de ítem KOHA Literatura
Fuente del sistema de clasificación o colocación Dewey Decimal Classification
Existencias
Signatura completa Código de barras Programa Académico Tipo de ítem
CR 861.44 A996c 18318 Temática General Literatura